01700nam a22003377a 4500003000900000005001700009008004100026020001500067040002800082041001300110044000700123100002400130245008100154250001200235260004500247300002100292490002800313505001100341505006300352505006300415505008300478505004800561505004600609505006200655505007000717520047800787650002901265650002201294650002701316700001901343AR-RoUNA20250910171340.0250909b |||||||| |||| 00| 0 spa d a8425209617 aAR-RoUNAbspadAR-RoUNA aspahspa aag1 aRicci Bitti, Pio E.10aComportamiento no verbal y comunicacion /cPio E. Ricci Bitti; Santa Cortesi a1a. ed. aBarcelona :bGustavo Gili, cc1977; 1980 a204 p.c20x13 cm aColeccion Punto y Linea0 tINDICE0 tI. Comportamiento interpersonal y comportamiento no verbal0 tII. Elementos no verbales del comportamiento interpersonal0 tIII. Enfoques disciplinarios y metodos de estudio del comportamiento no verbal0 tIV. Comportamiento no verbal y comunicacion0 tV. Funciones del comportamiento no verbal0 tVI. Comportamiento no verbal y desarrollo social primario0 tVII. Comportamiento no verbal y perturbaciones del comportamiento3 aEste documento, es de interés desde lo psicologico teniendo presente los aspectos no verbales del comportamiento; ello a obligado a ampliar el terreno de investigación, enriqueciendo la aproximación a los problemas del comportamiento interpersonal, abriendo nuevos niveles de análisis, el comportamiento espacial, del movimiento y de la gestualidad de la mirada, de las expresiones del rostro, de aspectos externo y de los aspectos no lingüísticos del discurso. 4aComportamientoxConducta 4aDesarrollo social 4aComunicacion no verval1 aCortesi, Santa